| 000 | 00627nam a2200181 i 4500 | ||
|---|---|---|---|
| 001 | 98443 | ||
| 003 | ES-MaACL | ||
| 005 | 20230906182303.0 | ||
| 007 | t| | ||
| 008 | 050902s1908 fr ||||1| fre d | ||
| 245 | 0 | 4 |
_aLes meilleures pages des écrivains pédagogiques, de Rabelais au XXe siècle, extraits avec un avant-propos et des notes / _cpar Edmond Parisot et Félix Henry ; préface de Jules Payet. |
| 260 |
_aParis : _bA. Colin, _c1908. |
||
| 300 |
_aXII, 364 p. ; _c19 cm. |
||
| 700 | 1 |
_aParisot, Edmond. _989156 |
|
| 700 | 1 |
_aHenry, Félix. _962594 |
|
| 700 | 1 |
_aPayet, Jules. _989720 |
|
| 852 |
_aES-MaACL _jF-11424 |
||
| 999 |
_c98443 _d98443 |
||